| 000 | 00511cam a2200169u 4500 | ||
|---|---|---|---|
| 082 |
_a621.4021 _bPEC _cL-12, P-2 |
||
| 100 | 1 |
_aPeck, William John. [from old catalog] _941756 |
|
| 245 | 1 | 0 | _aApplied thermodynamics problems for engineers |
| 250 | _a[2d ed.] | ||
| 260 |
_aLondon, _bE. Arnold _c[1962] |
||
| 300 | _a395p. | ||
| 526 |
_a0 _b0 _c0 _d621_402100000000000_PEC |
||
| 650 | 0 |
_aMCE _9379 |
|
| 650 | 0 |
_aThermodynamics _97134 |
|
| 700 | 1 |
_aRichmond, Alan James, [from old catalog] _941735 |
|
| 942 |
_2ddc _cBK |
||
| 999 |
_c545800 _d545800 |
||